Gifts by Paula 1 Quiz Stats

Quiz not verified by Sporcle

Challenge
Share
Tweet
Embed
Score 0/226 Timer 12:00
0 Plays Today
Company Name % Correct
Aurora
96.2%
Hill's Park
92.5%
Park Hill
92.5%
Sullivans
90.6%
P Graham Dunn
88.7%
Adams & CO
86.8%
Swan Creek
86.8%
Ganz
84.9%
Woodwick
84.9%
Roman
83%
Bob Siemon
81.1%
Burton & Burton
81.1%
Midwest CBK
81.1%
Primitives By Kathy
81.1%
Carson
77.4%
Fiddlehead Fairy
77.4%
AA Floral
75.5%
Dicksons
75.5%
Green Tree
75.5%
Quantum
75.5%
Special T Imports
75.5%
Country House
73.6%
Douglas
73.6%
Greenwich Bay
73.6%
Just Dough It
73.6%
Park Designs
73.6%
ShobeCraft
73.6%
Broadway
71.7%
Cape Shore
71.7%
Crossroads
71.7%
DEI
71.7%
Cottage Garden
69.8%
Cuddle Barn
69.8%
Jeremie
69.8%
Kerusso
69.8%
Mud Pie
69.8%
New Dimensions
69.8%
Ornament Central
69.8%
Artistic Reflections
67.9%
Flora Bunda
67.9%
GiftCraft
67.9%
HJ Sherman
67.9%
Howard's Jewelry
67.9%
Melrose
67.9%
Collin's
66%
DCC
66%
McCall's Candles
66%
My Saint, My Hero
66%
Abbott
64.2%
Aunt Sadie's
64.2%
Creative Co-op
64.2%
Universal Designs
64.2%
Christian Brands
62.3%
Merry Christmas from Heaven
62.3%
James Lawrence
62.3%
Lighthouse Christian
62.3%
Mayrich
62.3%
Raz Imports
62.3%
Sallyeanders
62.3%
Positive Image Gifts
62.3%
Badash
60.4%
Cathedral Art
60.4%
Manual Weavers
60.4%
Memorial Tear
60.4%
Regency
60.4%
African American Expressions
58.5%
Anchor
58.5%
Anju
58.5%
Creative Education
58.5%
CWI Gifts
58.5%
Imagine Designs
58.5%
Jilzarah
58.5%
Dexsa
56.6%
Fontanini
56.6%
JewelryByNorma
56.6%
KraftKlub
56.6%
Company Name % Correct
Mag Jewelry
56.6%
McVan
56.6%
Swan Drizzle
56.6%
Wilkinsons Candle
56.6%
Artstrings
54.7%
Ashdene
54.7%
Christian Art
54.7%
Copper Reflections
54.7%
Fashion Craft
54.7%
GT Luscombe
54.7%
Humphrey's Farm
54.7%
Periwinkle
54.7%
Pure Country Weavers
54.7%
Rain Jewelry
54.7%
Simply Home
54.7%
SPI Home
54.7%
World End Imports
54.7%
Drew Derose
52.8%
GCA
52.8%
Jellybean
52.8%
Noelle
52.8%
Soap Rocks
52.8%
Sunbelt
52.8%
Wing Tai
52.8%
Cruz Jewelry
50.9%
DCI
50.9%
Diffusing Lockets
50.9%
From the Heart
50.9%
Hanna's Handiworks
50.9%
Kurt Adler
50.9%
Slifka
50.9%
Huang Acrylic
49.1%
Mary Lake Thompson
49.1%
Ashland Aine
47.2%
BJ Toys
47.2%
Border Concepts
47.2%
Cool & Interesting
47.2%
Eye Catching Jewelry
47.2%
Tripar
47.2%
Yes & Yes
47.2%
Amate
45.3%
Cool Jewels
45.3%
Dayspring
45.3%
Heartwood Hollow
45.3%
Ohio Wholesale
45.3%
Unicorn Studio
45.3%
ZAD Jewlery
45.3%
NatureCast
43.4%
Precious Moments
43.4%
Sienna Sky
43.4%
Curt
41.5%
Green Rhino
41.5%
Highland Graphics
41.5%
Tar Hong
41.5%
Twisted Wares
41.5%
Wee Believers
41.5%
Sally's Garden
39.6%
Gallerie II
37.7%
Hearthside
37.7%
Poor Boy Signs
37.7%
Forever Crystals
35.8%
Lillian Rose
35.8%
Upper Deck
35.8%
C & F
34%
Colonial Tin
34%
Couronne
34%
GI Jewelry
34%
Keep It Sensational
34%
Allen Designs
32.1%
Amanda Blu
32.1%
Magnolia Lane
32.1%
Mariasch Studios
32.1%
Occasionally Made
32.1%
Tumbleweed
32.1%
ADI Jewelry
30.2%
Floridus
30.2%
Company Name % Correct
Magnolia Casual
30.2%
Westland
30.2%
Divinity
28.3%
Honey & Me
26.4%
My Word
26.4%
Trust Your Journey
26.4%
DiamondZ
24.5%
Gumball Poodle
24.5%
History & Heraldry
24.5%
K & K Home
24.5%
SJT Enterprises
24.5%
Blair Cedar
22.6%
Warm Glow Candles
22.6%
Bristol
20.8%
Bearington
18.9%
Oak Street
18.9%
ScriptureArt
18.9%
Seasons
18.9%
Alexa's Angels
17%
Annaleece
17%
Cross Gift
17%
My Fun Colors
17%
Suzie Blue
17%
Oak Patch
15.1%
Tin Box Company
15.1%
Whispering Prayer
15.1%
Constructive Eating
13.2%
Dream Spirit
13.2%
Gouchee
13.2%
KC Gifts
13.2%
Birchwood Trading
11.3%
Clay in Motion
11.3%
Jozie B
11.3%
Napco
11.3%
Dazzle Dee's
9.4%
Green Pastures
9.4%
Impressive Enterprises
9.4%
JADA
9.4%
Master Toys
9.4%
Red Carpet Studios
9.4%
Silver Tree
9.4%
Boston International
7.5%
Emmez
7.5%
Hatley
7.5%
Emily
5.7%
Heart on your sleeve
5.7%
Kalalou
5.7%
Papel
5.7%
Questionables
5.7%
Sagebrook
5.7%
Unison
5.7%
Carol Young Silver
3.8%
Clairmont
3.8%
Classic City
3.8%
Lang
3.8%
Magnetic Canvas
3.8%
Christian Tools
1.9%
D'Ears
1.9%
Diamond Star Corp
1.9%
Fiona
1.9%
Pacific Trading
1.9%
Round Top
1.9%
Slingshot
1.9%
Authentic Monogram
0%
Berkeley Design
0%
Cheerful Giver
0%
E & S Imports
0%
Harpster & Co
0%
Just The Right Shoe
0%
JWM
0%
Taylor Brooks
0%
Think Pray Gift
0%
Thomas Kinkade
0%
What's Hot
0%

You're not logged in!

Compare scores with friends on all Sporcle quizzes.
Sign Up with Email
OR
Log In

You Might Also Like...

Show Comments

Extras

Top Quizzes Today


Score Distribution

Your Account Isn't Verified!

In order to create a playlist on Sporcle, you need to verify the email address you used during registration. Go to your Sporcle Settings to finish the process.